00326nam a2200109Ia 4500008004000000082001300040100002000053245007300073260004400146300001500190650001100205210210b1975 xxu||||| |||| 00| 0 eng d a181 MULS aMULLER (F Max). aSacred books of the east.V19:Fo-sho-hing-tsan-king a life of Buddha. aNew Delhi.bMotilal Banarsidass.,c1975 axxxvii,380 aBuddha